000 00640nam a2200229Ia 4500
008 180523s9999 xx 000 0 und d
020 _a978-981-06-9723-5
050 _aMAIN HA 29
050 _b.L48 2010
100 _aLevin, Jack.
245 0 _aElementary statistics in social research /
245 0 _cJack Levin, James Alan Fox, David R. Forde.
250 _a11th Edition
260 _aSingapore :
260 _bPearson Education South Asia,
260 _c2010
300 _a554 pages :
300 _billustrations ;
300 _c23 cm.
500 _aIncludes index.
650 _aSocial sciences -- Statistical methods.
999 _c356746
_d356746